|
|
|
|
| LEADER |
01607nam a2200433Ia 4500 |
| 001 |
EBC356421 |
| 003 |
MiAaPQ |
| 005 |
20200520144314.0 |
| 006 |
m o d | |
| 007 |
cr cn||||||||| |
| 008 |
080225s2009 nyua sb 001 0 eng d |
| 010 |
|
|
|z 2008006967
|
| 020 |
|
|
|z 9780415958066 (hbk. : alk. paper)
|
| 020 |
|
|
|z 0415958067 (hbk. : alk. paper)
|
| 020 |
|
|
|z 9780415958073 (pbk. : alk. paper)
|
| 020 |
|
|
|z 0415958075 (pbk. : alk. paper)
|
| 035 |
|
|
|a (MiAaPQ)EBC356421
|
| 035 |
|
|
|a (Au-PeEL)EBL356421
|
| 035 |
|
|
|a (CaPaEBR)ebr10258427
|
| 035 |
|
|
|a (CaONFJC)MIL178696
|
| 035 |
|
|
|a (OCoLC)476182088
|
| 040 |
|
|
|a MiAaPQ
|c MiAaPQ
|d MiAaPQ
|
| 050 |
|
4 |
|a HD8716.5
|b .T96 2009
|
| 082 |
0 |
4 |
|a 331.6/2599
|2 22
|
| 100 |
1 |
|
|a Tyner, James A.,
|d 1966-
|
| 245 |
1 |
4 |
|a The Philippines
|h [electronic resource] :
|b mobilities, identities, globalization /
|c James A. Tyner.
|
| 260 |
|
|
|a New York :
|b Routledge,
|c 2009.
|
| 300 |
|
|
|a xvii, 229 p. :
|b ill.
|
| 490 |
1 |
|
|a Global realities
|
| 504 |
|
|
|a Includes bibliographical references (p. [211]-223) and index.
|
| 533 |
|
|
|a Electronic reproduction. Ann Arbor, MI : ProQuest, 2015. Available via World Wide Web. Access may be limited to ProQuest affiliated libraries.
|
| 650 |
|
0 |
|a Foreign workers, Philippine.
|
| 650 |
|
0 |
|a Contract labor
|z Philippines.
|
| 650 |
|
0 |
|a Globalization
|z Philippines.
|
| 650 |
|
0 |
|a Urban poor
|z Philippines
|z Manila.
|
| 655 |
|
4 |
|a Electronic books.
|
| 710 |
2 |
|
|a ProQuest (Firm)
|
| 830 |
|
0 |
|a Global realities.
|
| 856 |
4 |
0 |
|u https://ebookcentral.proquest.com/lib/matrademy/detail.action?docID=356421
|z Click to View
|